Bajban a 3. liga éllovasa

Bibliographic Details
Main Author: Ágh, István, 1949- (Author)
Format: Article
Language:Hungarian
PhysicalDescription:Fotogr.
ISSN:1335-7050
Subjects:

MARC

LEADER 00000nab a2200000 a 4500
001 vtls010640714
003 SK-MaSNL
005 20260318132432.0
008 141203c20141203xo d| | 000 0|2hun
015 |a SNBRB2014/12 
038 |a DSZK 
040 |a DSZK  |b slo  |c DSZK  |e AACR2 
041 0 |a hun 
044 |a xo  |c SK 
080 |a 796.332  |x (437.6)  |2 2001 
100 1 |a Ágh, István,  |d 1949-  |4 aut  |9 867680 
245 1 0 |a Bajban a 3. liga éllovasa  |c Ágh István 
300 |b Fotogr. 
610 2 7 |a MŠK Thermál Veľký Meder  |2 dszk  |9 1214250 
650 0 7 |a futbal  |2 SNKPH  |9 3291 
650 0 7 |a sponzori  |2 dszk  |9 877740 
651 7 |a Veľký Meder (Slovensko)  |2 SNKPHgeo  |9 19224 
773 0 |t Új szó  |g Évf. 67, sz. 277 (2014.12.3), o. 19  |x 1335-7050 
852 |a DSZK  |b KIS3GCP 
958 |a HU 
958 |a SK 
999 |c 2126913  |d 2128843